000 00452nam a2200181Ia 4500
001 15471
005 20260306170158.0
008 260306t2016||||xx |||||||||||||| ||und||
041 _aESP
082 _a540.07
_bF59
100 _aFlorentino la Torre, Wilfredo Humberto
_eAUT
245 0 _aQuímica:
_bla ciencia básica
260 _c2016
300 _axii, 1376 páginas :
_c22 cm.
650 _aGEN
654 _aCCN
942 _cLIB
_dJUS
_fJUS
_2ddc
_n
999 _c15471
_d15471